000 01350nam a2200325 4500
003 EG-GICUC
005 20260121101228.0
008 251116s2000 ua ||||fr|||| 00| 0 ara d
040 _a EG-GICUC
_bara
_c EG-GICUC
_d EG-GICUC
_erda
041 0 _aara
082 0 4 _221
_a341.851
_bن ا . م
092 0 4 _221
099 _aLaw1 12 341.851 ن ا . م 2 ed - 2000
100 0 _aنادر محمد محمد ابراهيم
_eمؤلف.
245 1 0 _aمركز القواعد عبر الدولية امام التحكيم الاقتصادى الدولى/
_cنادر محمد محمد ابراهيم.
250 _aالطبعة الاولى
264 2 _aالاسكندرية:
_bمنشأة المعارف
_c2000.
300 _a721 ؛صفحة
_c24 سم
336 _2rda content
_atext
337 _2rda media
_aComputer
338 _2rda carrier
_aOnline Resource
504 _aيحتوي على اراجاعات ببليوجرافية يحتوي على قائمة بالمراجع.
546 _aالنص أغلبه باللغة العربية بعض النصوص الإنجليزية والفرنسية
650 1 _aالتحكيم - قانون دولي
_2qrmak
650 1 _aالاقتصاد الدولي
651 1 _2qrmak
856 4 0 _uhttps://fll.law.cu.edu.eg/fulltext/bks/B12-01011.pdf
905 _a75
_eYara
942 _2ddc
_n0
_cBK
_e21
999 _c43620
_d43620